000
00274nam a2200097Ia 4500
008
190911s9999||||xx |||||||||||||| ||und||
100
_a
Kenneth J.Tbygerson
245
0
_a
Financial Markets and Institutions a Managerial Approach
260
_a
Australia
_b
CRC
_c
2000
300
_a
350
999
_c
7046
_d
7046